| 000 | 00481nam a2200193Ia 4500 | ||
|---|---|---|---|
| 003 | GCL | ||
| 008 | 140319s9999 xx 000 0 eng d | ||
| 040 |
_aGCL / _cGCL |
||
| 082 | 0 | 4 |
_a745.592 _bD D |
| 100 | 1 | _aDOUET - JACKSON VALERIE | |
| 245 | 1 | 0 |
_aDOLLS / _cDOUET - JACKSON VALERIE |
| 700 | 1 | _aCLARK - GERWAT, BRENDA | |
| 260 |
_a[S.N] : _bAPPLE PRESS ، _c1995 |
||
| 300 | _a80 P | ||
| 650 | 0 | 4 | _aDOLLS |
| 650 | 0 | 4 | _aWAX DOLLS |
| 650 | 0 | 4 | _aDOLLS - CLOTH |
| 942 |
_2ddc _cBK |
||
| 999 |
_c13581 _d13581 |
||